000 01299nam a2200313 c 4500
003 BLK
005 20240620164153.0
008 180410b bul|||||r ||||||| ||bul||
010 _aKNG00159857000
040 _aBLK
041 _aBUL
_cBUL
080 _aАмериканска литература (на САЩ)
_b821.111(73)
_x-31
_z821.111(73)-31
100 1 _aДрайзер, Теодор
_eпърви автор
_965267
700 1 _aТабаков, Борис
_eпрев. от англ.
_9377594
139 _aДрайзер, Теодор
_bД 87
245 1 0 _aДжени Герхарт
_bРоман
_cТеодор Драйзер; прев. от англ. Борис Табаков.
250 _a2. изд.
257 _aUSA
260 Пловдив
_bХристо Г. Данов
_c1992
300 _a317 с.
_c20 см
380 _aX
500 _aОриг. загл. Jenny Gerhard / Theodore Dreiser . - 1. изд. 1948 в Мозайка от знаменити съвр. романи ; Г. ХХХVIII, Кн. 5 и 6.
852 _aЦб 167214
856 4 _qpdf
_u
856 4 _qpdf
_u
942 _cKNG
_n0
_04
944 _aCR
_c17.04.2014
_lГалина Якимова
_k30564
944 _aED
_c17.04.2014
_l17.04.2014 - от С1,Р / 17.04.2014
_k
999 _c153327
_d153327